tous les vainqueurs de la serie A depuis 1897 - Statistiques

Statistiques générales
  • Ce quiz a été pris 109 fois
  • Le résultat moyen est 96 sur 118
Statistiques - réponses
saison Réponse % Correct
1909/1910 | 1919/1920 | 1929/1930 | +16 others Inter Milan
100%
1904/1905 | 1925/1926 | 1930/1931 | +33 others Juventus
99%
1900/1899 | 1905/1906 | 1906/1907 | +16 others AC Milan
98%
1986/1987 | 1989/1990 | 2022/2023 Naples
97%
1941/1942 | 1982/1983 | 2000/2001 Roma
90%
1973/1974 | 1999/2000 Lazio
86%
1927/1928 | 1942/1943 | 1945/1946 | +4 others Torino
66%
1955/1956 | 1968/1969 Fiorentina
63%
1897/1898 | 1898/1899 | 1899/1900 | +6 others Genoa
54%
1990/1991 Sampdoria
52%
1924/1925 | 1928/1929 | 1935/1936 | +4 others Bologne
47%
1969/1970 Cagliari
43%
1984/1985 Hellas Verone
35%
1907/1908 | 1908/1909 | 1910/1911 | +3 others Pro Vercelli
9%
1913/1914 Casale
2%
1921/1922 Novese
1%
Aucun quiz correspondant
Distribution des résultats
% des personnes avec chaque résultat
Percentile par nombre de réponses
Votre historique - résultats
Vous n’avez pas pris ce quiz